000 00709nab a2200229u 4500
001 08192
003 HDC
007 c| |||a|c|aaaa
008 210129b20190129my ||||| |||| 00| 0 eng d
040 _aHDC
245 0 _aFGV, Samyang ink ramen plant MoU
336 _atext
_2rdacontent
337 _acomputer
_2rdamedia
338 _aonline resource
_2rdacarrier
650 _aFGV Holdings Berhad
_98697
650 _aSamyang Food
_98701
710 _aNew Straits Times
856 _zRequest full-text at [email protected]
942 _2lcc
942 _cNEWS
942 _kNWSC 001500
999 _c5515
_d5515